ბათუმის შოთა რუსთაველის სახელმწიფო უნივერსიტეტის ბიბლიოთეკა

A world of trouble : the White House and the Middle East--from the Cold War to the War on Terror (ბიბ.ჩანაწერი № 51294)

000 -LEADER
fixed length control field 00839nam a2200265Ia 4500
001 - CONTROL NUMBER
control field 18263
003 - CONTROL NUMBER IDENTIFIER
control field GE_BSU
008 - FIXED-LENGTH DATA ELEMENTS--GENERAL INFORMATION
fixed length control field 181216s||||||||xx |||||||||||||| ||und||
020 ## - INTERNATIONAL STANDARD BOOK NUMBER
International Standard Book Number 9780374532000
040 ## - CATALOGING SOURCE
Transcribing agency GE_BSU
080 ## - UNIVERSAL DECIMAL CLASSIFICATION NUMBER
Universal Decimal Classification number 32
100 ## - MAIN ENTRY--PERSONAL NAME
Personal name Tyler, Patrick.
245 #2 - TITLE STATEMENT
Title A world of trouble : the White House and the Middle East--from the Cold War to the War on Terror
245 ## - TITLE STATEMENT
Remainder of title with a new afterword "reads almost like a thriller"- the Economist
260 ## - PUBLICATION, DISTRIBUTION, ETC.
Place of publication, distribution, etc. New York
260 ## - PUBLICATION, DISTRIBUTION, ETC.
Name of publisher, distributor, etc. Farrar, Straus and Giroux
260 ## - PUBLICATION, DISTRIBUTION, ETC.
Date of publication, distribution, etc. 2010
300 ## - PHYSICAL DESCRIPTION
Extent 638 p. : ill. ; 21 cm
300 ## - PHYSICAL DESCRIPTION
Accompanying material Index.:p.621-638
520 ## - SUMMARY, ETC.
Summary, etc. Notes:p.567-619.
653 ## - INDEX TERM--UNCONTROLLED
Uncontrolled term A world of trouble : the White House and the Middle East--from the Cold War to the War on Terror
653 ## - INDEX TERM--UNCONTROLLED
Uncontrolled term პოლიტიკა
942 ## - ADDED ENTRY ELEMENTS (KOHA)
Koha item type წიგნი
ეგზემპლარები
Withdrawn status Lost status Damaged status Not for loan Date acquired Barcode Date last seen Price effective from Koha item type
        2018-12-17 46516 2018-12-17 2018-12-17 წიგნი